000 01776nam0a2200325 4500
001 RU\NLR\bibl\1468139
005 20250616001051.0
010 _a978-5-88954-309-1
_9100
021 _aRU
_b2009-95482
_96059
035 _a(NLR Aleph) 001459854
090 _a1576386
_c1576386
100 _a20100202d2009 |||y0rusy50 ca
101 0 _arus
102 _aRU
105 _aa |||||||||
200 1 _aСамооценка организации и сертификация систем менеджмента качества
_e(на примере образовательной деятельности)
_fН.В. Евсеева, В.Е. Караулова
_gФедер. агентство по образованию, Гос. образоват. учреждение высш. проф. образования "Иван. гос. текстил. акад." (ИГТА)
210 _aИваново
_cРедакционно-издательский отдел Ивановской государственной текстильной академии
_d2009
215 _a287 с.
_cил.
_d21
320 _aБиблиогр.: 165-168 (35 назв.)
606 1 _aОбразовательные учреждения
_xДеятельность
_xСамооценка
_92098127
_3RU\NLR\auth\661572755
606 1 _aОбразовательные учреждения
_xПреподавание
_xКачество
_92602768
_3RU\NLR\auth\661539326
686 _aЧ34(0)7
686 _aЧ312.8
700 1 _aЕвсеева
_bН. В.
_gНаталья Владимировна
_4070
701 1 _aКараулова
_bВ. Е.
_gВиктория Евгеньевна
_4070
801 0 _aRU
_bNLR
_c20100202
_gRCR
801 1 _aRU
_bNLR
_c20100202
942 _cBOOK
980 _aNB